[Event "Titled Tuesday intern op 06th Aug Late"]
[Site "Chess.com INT"]
[Date "2024.08.06"]
[Round "8"]
[White "Haydon, David Leslie"]
[Black "Mendes, Aaron Reeve"]
[Result "1-0"]
[WhiteElo "2283"]
[BlackElo "2314"]
[PlyCount "63"]
[GameId "2107989757659305"]
[EventDate "2024.08.06"]
[EventType "swiss (blitz)"]
[EventRounds "11"]
[EventCountry "USA"]
[SourceTitle "EXT 2025"]
[Source "ChessBase"]
[SourceDate "2024.10.14"]
[SourceVersion "1"]
[SourceVersionDate "2024.10.14"]
[SourceQuality "1"]

1. Nf3 c5 2. e3 Nc6 3. b3 e5 4. Bb2 e4 5. Ne5 Nxe5 6. Bxe5 d6 7. Bb2 d5 8. d3 exd3 9. cxd3 Nf6 10. Nd2 Bd6 11. Be2 O-O 12. O-O b6 13. d4 Bb7 14. Rc1 Rc8 15. dxc5 bxc5 16. Nf3 Qe7 17. Qc2 Ne4 18. Rcd1 Rfd8 19. Bd3 d4 20. Rfe1 Nf6 21. exd4 Qf8 22. Bc4 Bxf3 23. gxf3 Nh5 24. Qf5 g6 25. Qg4 Bb8 26. dxc5 Qxc5 27. Rd7 Rf8 28. Bd4 Qc6 29. Ree7 Rc7 30. Rxf7 Rxf7 31. Rd8+ Qe8 32. Rxe8# 1-0

[Event "Titled Tuesday intern op 06th Aug Late"]
[Site "Chess.com INT"]
[Date "2024.08.06"]
[Round "10"]
[White "Ragger, Markus"]
[Black "Mendes, Aaron Reeve"]
[Result "1-0"]
[WhiteElo "2603"]
[BlackElo "2314"]
[PlyCount "115"]
[GameId "2107989757676064"]
[EventDate "2024.08.06"]
[EventType "swiss (blitz)"]
[EventRounds "11"]
[EventCountry "USA"]
[SourceTitle "EXT 2025"]
[Source "ChessBase"]
[SourceDate "2024.10.14"]
[SourceVersion "1"]
[SourceVersionDate "2024.10.14"]
[SourceQuality "1"]

1. d4 Nf6 2. c4 a6 3. Nf3 b5 4. e3 bxc4 5. Bxc4 e6 6. O-O Bb7 7. b3 c5 8. Bb2 cxd4 9. Nxd4 Nc6 10. Nxc6 Bxc6 11. Nd2 Be7 12. Rc1 O-O 13. Qe2 d5 14. Bxa6 Qb6 15. Bd3 Rxa2 16. Bd4 Qb7 17. Rc2 Rxc2 18. Bxc2 Ra8 19. Rc1 Ra2 20. Qd1 Bb5 21. Nf3 Ra8 22. Bb1 Rc8 23. h3 Nd7 24. Ne5 Nxe5 25. Bxe5 Rxc1 26. Qxc1 Qc6 27. Qxc6 Bxc6 28. Bd3 Bb4 29. Kf1 f6 30. Bb2 e5 31. Ke2 g6 32. Kd1 Kf7 33. Kc2 Ke6 34. Bc3 Bxc3 35. Kxc3 Kd6 36. b4 Kc7 37. g4 Kb6 38. h4 Bd7 39. g5 fxg5 40. hxg5 Bb5 41. Bxb5 Kxb5 42. f4 d4+ 43. exd4 exd4+ 44. Kxd4 Kxb4 45. Ke5 Kc5 46. Kf6 Kd5 47. Kg7 Ke4 48. Kxh7 Kf5 49. Kh6 Kxf4 50. Kxg6 Kg4 51. Kf6 Kh4 52. g6 Kh3 53. g7 Kh2 54. g8=Q Kh1 55. Kf5 Kh2 56. Kf4 Kh1 57. Kf3 Kh2 58. Qg2# 1-0

[Event "Titled Tuesday intern op 13th Aug Early"]
[Site "Chess.com INT"]
[Date "2024.08.13"]
[Round "1"]
[White "Haszon, David"]
[Black "Mendes, Aaron Reeve"]
[Result "1/2-1/2"]
[WhiteElo "2248"]
[BlackElo "2314"]
[PlyCount "120"]
[GameId "2107989757996229"]
[EventDate "2024.08.13"]
[EventType "swiss (blitz)"]
[EventRounds "11"]
[EventCountry "USA"]
[SourceTitle "EXT 2025"]
[Source "ChessBase"]
[SourceDate "2024.10.14"]
[SourceVersion "1"]
[SourceVersionDate "2024.10.14"]
[SourceQuality "1"]

1. e4 c5 2. Nf3 d6 3. Bb5+ Bd7 4. Bxd7+ Qxd7 5. O-O Nc6 6. Re1 Nf6 7. e5 dxe5 8. Nxe5 Nxe5 9. Rxe5 e6 10. Nc3 Bd6 11. Re1 O-O 12. d3 Nd5 13. Nxd5 exd5 14. d4 Rfe8 15. Be3 c4 16. Qf3 Re4 17. Re2 Rae8 18. Rae1 f5 19. c3 Qe6 20. Kf1 f4 21. Bd2 Qf5 22. g4 Qg6 23. b3 b5 24. Kg2 h5 25. h3 hxg4 26. hxg4 Rxe2 27. Rxe2 Rxe2 28. Qxe2 Qe4+ 29. Qf3 g5 30. Qxe4 dxe4 31. b4 Kf7 32. f3 e3 33. Be1 Ke6 34. Kf1 Kd5 35. Ke2 Kc6 36. Kd1 Kb6 37. Kc2 a5 38. a3 axb4 39. axb4 Kc6 40. Kd1 Kd5 41. Ke2 Bf8 42. Kd1 Bg7 43. Kc2 Bh8 44. Kb2 Bg7 45. Kc2 Bf6 46. Kb2 Be7 47. Kc2 Bd8 48. Kb2 Bc7 49. Kc2 Bb6 50. Kb2 Bc7 51. Kc2 Bb8 52. Kb2 Ba7 53. Kc2 Kc6 54. Kb2 Kb7 55. Kc2 Bb6 56. Kb2 Bc7 57. Kc2 Kc8 58. Kb2 Kd7 59. Kc2 Ke6 60. Kb2 Kd5 1/2-1/2

[Event "Titled Tuesday intern op 13th Aug Early"]
[Site "Chess.com INT"]
[Date "2024.08.13"]
[Round "3"]
[White "Spichkin, Alexander"]
[Black "Mendes, Aaron Reeve"]
[Result "0-1"]
[WhiteElo "2035"]
[BlackElo "2314"]
[PlyCount "50"]
[GameId "2107989758029794"]
[EventDate "2024.08.13"]
[EventType "swiss (blitz)"]
[EventRounds "11"]
[EventCountry "USA"]
[SourceTitle "EXT 2025"]
[Source "ChessBase"]
[SourceDate "2024.10.14"]
[SourceVersion "1"]
[SourceVersionDate "2024.10.14"]
[SourceQuality "1"]

1. f4 e5 2. d3 exf4 3. Bxf4 d5 4. Nf3 Bd6 5. Qd2 Ne7 6. Nc3 c6 7. O-O-O Bxf4 8. Qxf4 O-O 9. e4 d4 10. Ne2 c5 11. h4 Nbc6 12. h5 h6 13. g4 f6 14. Ng3 Qa5 15. a3 b5 16. Nf5 Bxf5 17. exf5 b4 18. Qd2 Nd5 19. Bg2 Nc3 20. Nh4 bxa3 21. b3 Nb4 22. Qf4 Rfe8 23. Rde1 Nba2+ 24. Kd2 Ne2+ 25. Kd1 Nxf4 0-1

[Event "Titled Tuesday intern op 13th Aug Early"]
[Site "Chess.com INT"]
[Date "2024.08.13"]
[Round "5"]
[White "Mendes, Aaron Reeve"]
[Black "Jegorovas, Aleksandras"]
[Result "1-0"]
[WhiteElo "2314"]
[BlackElo "2270"]
[PlyCount "89"]
[GameId "2107989758046714"]
[EventDate "2024.08.13"]
[EventType "swiss (blitz)"]
[EventRounds "11"]
[EventCountry "USA"]
[SourceTitle "EXT 2025"]
[Source "ChessBase"]
[SourceDate "2024.10.14"]
[SourceVersion "1"]
[SourceVersionDate "2024.10.14"]
[SourceQuality "1"]

1. Nf3 Nf6 2. e3 b6 3. b3 Bb7 4. Bb2 e6 5. c4 c5 6. Nc3 Be7 7. Be2 a6 8. O-O O-O 9. d4 cxd4 10. exd4 d6 11. d5 e5 12. Bd3 Nbd7 13. Ba3 Re8 14. Qe2 Bf8 15. Ne4 Nxe4 16. Bxe4 g6 17. Bc2 f5 18. Qd2 h6 19. g3 Nc5 20. Rfe1 Bg7 21. Rad1 Qf6 22. Kg2 a5 23. h4 f4 24. gxf4 Rf8 25. h5 g5 26. Bxc5 bxc5 27. Qd3 Qxf4 28. Qh7+ Kf7 29. Bg6+ Kf6 30. Nd2 Rg8 31. Ne4+ Ke7 32. Ng3 Raf8 33. Nf5+ Kd8 34. Re2 Bc8 35. Ng3 Qf3+ 36. Kh2 Qf4 37. Rd3 Qh4+ 38. Kg1 Qf4 39. Be4 Qf6 40. Rf3 Qe7 41. Rxf8+ Qxf8 42. Re3 Qf4 43. Rf3 Qc1+ 44. Kg2 Bg4 45. Qxg8+ 1-0

[Event "Titled Tuesday intern op 13th Aug Early"]
[Site "Chess.com INT"]
[Date "2024.08.13"]
[Round "7"]
[White "Shimanov, Aleksandr"]
[Black "Mendes, Aaron Reeve"]
[Result "0-1"]
[WhiteElo "2582"]
[BlackElo "2314"]
[PlyCount "58"]
[GameId "2107989758075989"]
[EventDate "2024.08.13"]
[EventType "swiss (blitz)"]
[EventRounds "11"]
[EventCountry "USA"]
[SourceTitle "EXT 2025"]
[Source "ChessBase"]
[SourceDate "2024.10.14"]
[SourceVersion "1"]
[SourceVersionDate "2024.10.14"]
[SourceQuality "1"]

1. e4 c5 2. Nf3 d6 3. d4 cxd4 4. Qxd4 Nc6 5. Bb5 Bd7 6. Qd3 Nf6 7. Bg5 a6 8. Bxc6 Bxc6 9. Nc3 e6 10. O-O-O Be7 11. Nd4 Qc7 12. f4 Rc8 13. Kb1 b5 14. a3 h6 15. Bxf6 Bxf6 16. f5 Bd7 17. g4 Qc4 18. Qe3 a5 19. h4 b4 20. axb4 axb4 21. Nce2 e5 22. g5 exd4 23. Qd2 Be5 24. f6 gxf6 25. gxh6 Ra8 26. Nc1 Qa6 27. Nb3 Qa2+ 28. Kc1 Qa1+ 29. Nxa1 Rxa1# 0-1

[Event "Titled Tuesday intern op 13th Aug Early"]
[Site "Chess.com INT"]
[Date "2024.08.13"]
[Round "8"]
[White "Mendes, Aaron Reeve"]
[Black "Akobian, Varuzhan"]
[Result "0-1"]
[WhiteElo "2314"]
[BlackElo "2564"]
[PlyCount "78"]
[GameId "2107989758084383"]
[EventDate "2024.08.13"]
[EventType "swiss (blitz)"]
[EventRounds "11"]
[EventCountry "USA"]
[SourceTitle "EXT 2025"]
[Source "ChessBase"]
[SourceDate "2024.10.14"]
[SourceVersion "1"]
[SourceVersionDate "2024.10.14"]
[SourceQuality "1"]

1. e4 d6 2. d4 Nf6 3. f3 d5 4. e5 Nfd7 5. c4 dxc4 6. Bxc4 Nb6 7. Bb3 e6 8. Nc3 Be7 9. Nge2 Nc6 10. O-O O-O 11. Bc2 Nb4 12. Bb1 c5 13. a3 Nc6 14. Qd3 g6 15. f4 Nxd4 16. Rd1 Nb3 17. Qb5 Nxa1 18. Rxd8 Rxd8 19. Ng3 Bd7 20. Qe2 Nb3 21. Be3 Bc6 22. Nge4 Nd4 23. Qf2 Nd5 24. g4 Nxc3 25. bxc3 Bxe4 26. Bxe4 Nc6 27. Bxc5 Rd1+ 28. Kg2 Bxc5 29. Qxc5 Rc8 30. h4 b6 31. Qc4 Ne7 32. Qa4 Rd2+ 33. Kf1 Rxc3 34. Ke1 Rh2 35. Kd1 Rg3 36. Qd4 Rxg4 37. Bf3 Rg3 38. Be2 Nd5 39. Qa4 Nc3+ 0-1

[Event "Titled Tuesday intern op 13th Aug Early"]
[Site "Chess.com INT"]
[Date "2024.08.13"]
[Round "10"]
[White "Mendes, Aaron Reeve"]
[Black "Glek, Igor Vladimirovich"]
[Result "0-1"]
[WhiteElo "2314"]
[BlackElo "2394"]
[PlyCount "70"]
[GameId "2107989758113499"]
[EventDate "2024.08.13"]
[EventType "swiss (blitz)"]
[EventRounds "11"]
[EventCountry "USA"]
[SourceTitle "EXT 2025"]
[Source "ChessBase"]
[SourceDate "2024.10.14"]
[SourceVersion "1"]
[SourceVersionDate "2024.10.14"]
[SourceQuality "1"]

1. Nf3 f5 2. c4 Nf6 3. e3 d6 4. b3 e5 5. d3 g6 6. Bb2 Bg7 7. Be2 O-O 8. O-O Nc6 9. Nc3 h6 10. a3 Ne7 11. Nd2 g5 12. Qc2 c6 13. Kh1 Be6 14. f3 d5 15. d4 e4 16. fxe4 fxe4 17. Na4 b6 18. b4 Nf5 19. Qc3 dxc4 20. Bxc4 Nd5 21. Bxd5 cxd5 22. Rae1 Qe8 23. Qb3 Qh5 24. Nxe4 Rae8 25. Rxf5 Bxf5 26. Ng3 Qf7 27. Rf1 Bc2 28. Rxf7 Bxb3 29. Rxf8+ Kxf8 30. Nc3 Rxe3 31. Kg1 Bxd4 32. Kf1 Bxc3 33. Nf5 Bc4+ 34. Kf2 Re2+ 35. Kf3 Rxb2 0-1

[Event "Abu Dhabi Masters Online"]
[Site "Chess.com INT"]
[Date "2024.08.21"]
[Round "4"]
[White "Mendes, Aaron Reeve"]
[Black "Moroni, Luca Jr"]
[Result "1-0"]
[WhiteElo "2314"]
[BlackElo "2558"]
[PlyCount "49"]
[GameId "2107989758924954"]
[EventDate "2024.08.21"]
[EventType "swiss (blitz)"]
[EventRounds "11"]
[EventCountry "UAE"]
[SourceTitle "CBM 221 Extra"]
[Source "ChessBase"]
[SourceDate "2024.09.30"]
[SourceVersion "1"]
[SourceVersionDate "2024.09.30"]
[SourceQuality "1"]

1. Nf3 g6 2. e3 Bg7 3. c4 d6 4. Be2 Nc6 5. O-O e5 6. d4 Nge7 7. Nc3 O-O 8. a3 exd4 9. exd4 Bg4 10. d5 Bxf3 11. Bxf3 Nd4 12. Be4 Nef5 13. Be3 Re8 14. Qd3 Qh4 15. g3 Qh5 16. Kg2 Re7 17. h3 Rae8 18. g4 Nh4+ 19. Kg3 Nhf5+ 20. Bxf5 Nxf5+ 21. Qxf5 Rxe3+ 22. fxe3 Rxe3+ 23. Rf3 Be5+ 24. Kg2 gxf5 25. gxh5 1-0

[Event "Abu Dhabi Masters Online"]
[Site "Chess.com INT"]
[Date "2024.08.21"]
[Round "5"]
[White "Mendes, Aaron Reeve"]
[Black "Sanal, Vahap"]
[Result "1-0"]
[WhiteElo "2314"]
[BlackElo "2570"]
[PlyCount "113"]
[GameId "2107989758929171"]
[EventDate "2024.08.21"]
[EventType "swiss (blitz)"]
[EventRounds "11"]
[EventCountry "UAE"]
[SourceTitle "CBM 221 Extra"]
[Source "ChessBase"]
[SourceDate "2024.09.30"]
[SourceVersion "1"]
[SourceVersionDate "2024.09.30"]
[SourceQuality "1"]

1. Nf3 d6 2. e4 Nf6 3. Nc3 e5 4. d4 Nbd7 5. Bc4 Be7 6. O-O O-O 7. h3 c6 8. a4 h6 9. dxe5 Nxe5 10. Nxe5 dxe5 11. Qxd8 Rxd8 12. Be3 Bb4 13. Na2 Ba5 14. b4 Bc7 15. Nc3 Kf8 16. Rfd1 Rxd1+ 17. Rxd1 Ke8 18. a5 Bd7 19. Na4 Rd8 20. f3 a6 21. Bb6 Bxb6+ 22. Nxb6 Ke7 23. Kf2 g5 24. Ke3 h5 25. Bb3 Be6 26. Rxd8 Kxd8 27. Bxe6 fxe6 28. Nc4 Nd7 29. Nd6 Kc7 30. Nf7 b6 31. Nxg5 c5 32. Nxe6+ Kd6 33. Ng7 cxb4 34. axb6 Nxb6 35. Nxh5 a5 36. Kd2 a4 37. Kc1 Kc5 38. Ng3 a3 39. Ne2 Nc4 40. Kb1 Ne3 41. h4 Nxg2 42. h5 Nh4 43. h6 Ng6 44. h7 Nh8 45. Nc1 Nf7 46. Nd3+ Kd4 47. Ka2 Kc3 48. Nxe5 Kxc2 49. Nxf7 b3+ 50. Kxa3 b2 51. h8=Q b1=Q 52. Qh2+ Kd3 53. Ne5+ Ke3 54. Qh6+ Ke2 55. Qa6+ Kf2 56. Qd6 Qb8 57. Qxb8 1-0

[Event "Abu Dhabi Masters Online"]
[Site "Chess.com INT"]
[Date "2024.08.21"]
[Round "6"]
[White "Pantsulaia, Levan"]
[Black "Mendes, Aaron Reeve"]
[Result "0-1"]
[WhiteElo "2516"]
[BlackElo "2314"]
[PlyCount "72"]
[GameId "2107989758933391"]
[EventDate "2024.08.21"]
[EventType "swiss (blitz)"]
[EventRounds "11"]
[EventCountry "UAE"]
[SourceTitle "CBM 221 Extra"]
[Source "ChessBase"]
[SourceDate "2024.09.30"]
[SourceVersion "1"]
[SourceVersionDate "2024.09.30"]
[SourceQuality "1"]

1. Nf3 d5 2. c4 c6 3. g3 Nd7 4. cxd5 cxd5 5. Nc3 Ngf6 6. d4 a6 7. Bg2 b5 8. O-O Bb7 9. Bf4 e6 10. a4 b4 11. Na2 Rc8 12. Nc1 Be7 13. Nb3 O-O 14. Rc1 Nb6 15. Nc5 Bc6 16. Ne5 Bxc5 17. Nxc6 Rxc6 18. dxc5 Nbd7 19. Bd6 Re8 20. Qd4 Qa5 21. b3 Rec8 22. e4 Nxc5 23. Be5 Nxb3 24. Rxc6 Rxc6 25. Qb2 Nc5 26. Bxf6 gxf6 27. exd5 exd5 28. Bxd5 Rd6 29. Bg2 Nxa4 30. Qe2 Nc3 31. Qg4+ Qg5 32. Qxb4 Qe5 33. Ra1 Ne2+ 34. Kf1 Qxa1+ 35. Kxe2 Qd1+ 36. Ke3 Qd3+ 0-1

[Event "Abu Dhabi Masters Online"]
[Site "Chess.com INT"]
[Date "2024.08.21"]
[Round "10"]
[White "Kravtsiv, Martyn"]
[Black "Mendes, Aaron Reeve"]
[Result "1/2-1/2"]
[WhiteElo "2598"]
[BlackElo "2314"]
[PlyCount "127"]
[GameId "2107989758950107"]
[EventDate "2024.08.21"]
[EventType "swiss (blitz)"]
[EventRounds "11"]
[EventCountry "UAE"]
[SourceTitle "CBM 221 Extra"]
[Source "ChessBase"]
[SourceDate "2024.09.30"]
[SourceVersion "1"]
[SourceVersionDate "2024.09.30"]
[SourceQuality "1"]

1. e4 c5 2. Nc3 Nc6 3. Bb5 g6 4. Bxc6 dxc6 5. d3 Bg7 6. Be3 b6 7. f4 f5 8. e5 e6 9. Nf3 Ne7 10. h4 Nd5 11. Nxd5 cxd5 12. h5 d4 13. Bd2 Bb7 14. Qe2 Qd5 15. b3 O-O-O 16. O-O-O a5 17. Rh2 a4 18. Rdh1 Kc7 19. Ng5 Ra8 20. Kb1 axb3 21. cxb3 Ra3 22. Bc1 Raa8 23. hxg6 hxg6 24. Rh7 Rxh7 25. Rxh7 Rg8 26. g4 b5 27. gxf5 exf5 28. e6 Kd6 29. e7 Bc6 30. Rxg7 Rxg7 31. e8=N+ Bxe8 32. Qxe8 Re7 33. Qd8+ Rd7 34. Qf6+ Kc7 35. Qxg6 c4 36. Qe6 cxd3 37. Qxd5 Rxd5 38. Nf3 Rd8 39. Ne5 Kd6 40. Nxd3 Kd5 41. Kc2 Rh8 42. Bd2 Ke4 43. Nc5+ Kd5 44. b4 Kc4 45. Nd3 Ra8 46. Nb2+ Kd5 47. Kb3 Ke4 48. a4 bxa4+ 49. Nxa4 Kd3 50. Bc1 Ke2 51. b5 d3 52. Nc3+ Ke1 53. Kc4 d2 54. Bxd2+ Kxd2 55. Nd5 Ke2 56. Kd4 Re8 57. b6 Kf3 58. Kc5 Rd8 59. Kc6 Ke4 60. b7 Rb8 61. Ne7 Kxf4 62. Kc7 Rxb7+ 63. Kxb7 Ke5 64. Nxf5 1/2-1/2

[Event "Abu Dhabi Masters Online"]
[Site "Chess.com INT"]
[Date "2024.08.21"]
[Round "11"]
[White "Mendes, Aaron Reeve"]
[Black "Demchenko, Anton"]
[Result "1-0"]
[WhiteElo "2314"]
[BlackElo "2597"]
[PlyCount "103"]
[GameId "2107989758954285"]
[EventDate "2024.08.21"]
[EventType "swiss (blitz)"]
[EventRounds "11"]
[EventCountry "UAE"]
[SourceTitle "CBM 221 Extra"]
[Source "ChessBase"]
[SourceDate "2024.09.30"]
[SourceVersion "1"]
[SourceVersionDate "2024.09.30"]
[SourceQuality "1"]

1. e4 d6 2. d4 Nf6 3. Nc3 e5 4. dxe5 dxe5 5. Qxd8+ Kxd8 6. Bg5 c6 7. O-O-O+ Ke8 8. f4 h6 9. Bh4 Be7 10. h3 exf4 11. e5 Nh5 12. Bxe7 Kxe7 13. Nge2 Nd7 14. g4 fxg3 15. e6 fxe6 16. Bg2 Ndf6 17. Rhe1 Bd7 18. Rd3 Rad8 19. Re3 Kf7 20. Nxg3 Nf4 21. Bf1 N4d5 22. Rf3 Rhf8 23. Nce4 Kg8 24. Nc5 Bc8 25. c4 Nc7 26. Kc2 b6 27. Nd3 Nd7 28. Rfe3 Na6 29. Bg2 Nab8 30. Rxe6 Nc5 31. Nxc5 bxc5 32. R6e3 Rd4 33. b3 a5 34. R1e2 a4 35. Ne4 axb3+ 36. axb3 Na6 37. Kc3 Bf5 38. Nxc5 Nxc5 39. Kxd4 Nd3 40. Bxc6 Nb4 41. Bd5+ Nxd5 42. cxd5 Kf7 43. Rf3 g6 44. d6 Rb8 45. Kc5 Rc8+ 46. Kd5 Rb8 47. d7 Rd8 48. Kc6 Kf6 49. Re8 Rxd7 50. Rxf5+ Kxf5 51. Kxd7 g5 52. b4 1-0

[Event "Titled Tuesday intern op 27th Aug Early"]
[Site "Chess.com INT"]
[Date "2024.08.27"]
[Round "2"]
[White "Mendes, Aaron Reeve"]
[Black "Elsness, Frode"]
[Result "1-0"]
[WhiteElo "2314"]
[BlackElo "2423"]
[PlyCount "105"]
[GameId "2107989759264607"]
[EventDate "2024.08.27"]
[EventType "swiss (blitz)"]
[EventRounds "11"]
[EventCountry "USA"]
[SourceTitle "EXT 2025"]
[Source "ChessBase"]
[SourceDate "2024.10.14"]
[SourceVersion "1"]
[SourceVersionDate "2024.10.14"]
[SourceQuality "1"]

1. e4 c6 2. Nf3 d5 3. Nc3 dxe4 4. Nxe4 Nf6 5. Qe2 Nxe4 6. Qxe4 Nd7 7. d4 Nf6 8. Qd3 Bg4 9. Be2 Bxf3 10. Bxf3 e6 11. Qb3 Qc7 12. O-O Bd6 13. h3 O-O 14. Bg5 Nd5 15. c4 Ne7 16. g3 Nf5 17. Be4 Nxd4 18. Qd3 Nf5 19. Bxf5 exf5 20. Qxf5 Be7 21. Bf4 Bd6 22. Bxd6 Qxd6 23. Rad1 Qb4 24. Qc2 Rad8 25. Rxd8 Rxd8 26. Rd1 Rxd1+ 27. Qxd1 g6 28. Qd8+ Kg7 29. Qd4+ Kg8 30. b3 a5 31. h4 a4 32. h5 axb3 33. axb3 gxh5 34. Qd8+ Kg7 35. Qg5+ Kf8 36. Qe3 Kg7 37. Kg2 b5 38. Qg5+ Kf8 39. Qh6+ Kg8 40. Qxc6 Qxb3 41. cxb5 h4 42. gxh4 Qd1 43. Qe8+ Kg7 44. Qe5+ f6 45. Qc7+ Kf8 46. Qc5+ Kg7 47. Qf5 Qd6 48. h5 Qb6 49. Kh3 Qb7 50. f3 Qe7 51. Qe4 Qd7+ 52. Qg4+ Qxg4+ 53. Kxg4 1-0

[Event "Titled Tuesday intern op 27th Aug Early"]
[Site "Chess.com INT"]
[Date "2024.08.27"]
[Round "7"]
[White "Stojanovski, Sandi"]
[Black "Mendes, Aaron Reeve"]
[Result "1/2-1/2"]
[WhiteElo "2169"]
[BlackElo "2314"]
[PlyCount "88"]
[GameId "2107989759331716"]
[EventDate "2024.08.27"]
[EventType "swiss (blitz)"]
[EventRounds "11"]
[EventCountry "USA"]
[SourceTitle "EXT 2025"]
[Source "ChessBase"]
[SourceDate "2024.10.14"]
[SourceVersion "1"]
[SourceVersionDate "2024.10.14"]
[SourceQuality "1"]

1. d3 d5 2. Nf3 Nf6 3. g3 c5 4. Bg2 Nc6 5. O-O e5 6. c4 dxc4 7. dxc4 Qxd1 8. Rxd1 Be6 9. b3 h6 10. Bb2 Nd7 11. Nc3 f6 12. Nb5 Rc8 13. Nh4 Kf7 14. Be4 a6 15. Ng6 Rg8 16. Nxf8 Kxf8 17. Nd6 Rc7 18. Nxb7 Ke7 19. Ba3 Nd4 20. e3 Ne2+ 21. Kf1 Nc3 22. Rxd7+ Kxd7 23. Bg2 Rgc8 24. Bb2 Na4 25. bxa4 Bxc4+ 26. Ke1 Rb8 27. Rc1 Rbxb7 28. Bxb7 Rxb7 29. Rxc4 Rxb2 30. Rxc5 Kd6 31. Ra5 Rb6 32. e4 Ke6 33. h4 g6 34. Ke2 f5 35. Kf3 Rc6 36. Ke3 fxe4 37. Kxe4 Rc4+ 38. Kd3 Rc6 39. g4 Kd6 40. f3 Ke6 41. Ke4 Rc4+ 42. Kd3 Rc6 43. Kd2 Kd6 44. Kd3 Ke6 1/2-1/2

[Event "Titled Tuesday intern op 27th Aug Early"]
[Site "Chess.com INT"]
[Date "2024.08.27"]
[Round "8"]
[White "Mendes, Aaron Reeve"]
[Black "Gurevich, Dmitry"]
[Result "1/2-1/2"]
[WhiteElo "2314"]
[BlackElo "2352"]
[PlyCount "96"]
[GameId "2107989759340089"]
[EventDate "2024.08.27"]
[EventType "swiss (blitz)"]
[EventRounds "11"]
[EventCountry "USA"]
[SourceTitle "EXT 2025"]
[Source "ChessBase"]
[SourceDate "2024.10.14"]
[SourceVersion "1"]
[SourceVersionDate "2024.10.14"]
[SourceQuality "1"]

1. e4 c5 2. Nf3 d6 3. d4 cxd4 4. Nxd4 Nf6 5. Nc3 Nc6 6. Nb3 g6 7. Be2 Bg7 8. Be3 a6 9. f3 b5 10. a3 O-O 11. Qd2 Bd7 12. g4 Rc8 13. h4 h5 14. g5 Nh7 15. O-O-O Na5 16. Nxa5 Qxa5 17. Nd5 Qxd2+ 18. Rxd2 Rfe8 19. Nb6 Rc7 20. Nxd7 Rxd7 21. f4 Nf8 22. Rhd1 Rc7 23. Kb1 Ne6 24. f5 Nc5 25. Bf3 Nd7 26. Be2 Ne5 27. Bd4 Nc4 28. Bxc4 Rxc4 29. c3 Bxd4 30. Rxd4 Rxd4 31. Rxd4 Kg7 32. Kc2 f6 33. gxf6+ Kxf6 34. Rd5 g5 35. hxg5+ Kxg5 36. f6+ Kg4 37. e5 dxe5 38. Rxe5 h4 39. Rxe7 Rf8 40. Rg7+ Kf4 41. f7 h3 42. Kd3 h2 43. Rh7 Kg3 44. Rg7+ Kf3 45. Rh7 Kg2 46. Rg7+ Kf3 47. Rh7 Kg2 48. Rg7+ Kf3 1/2-1/2

[Event "Titled Tuesday intern op 27th Aug Early"]
[Site "Chess.com INT"]
[Date "2024.08.27"]
[Round "9"]
[White "Glek, Igor Vladimirovich"]
[Black "Mendes, Aaron Reeve"]
[Result "0-1"]
[WhiteElo "2394"]
[BlackElo "2314"]
[PlyCount "72"]
[GameId "2107989759344365"]
[EventDate "2024.08.27"]
[EventType "swiss (blitz)"]
[EventRounds "11"]
[EventCountry "USA"]
[SourceTitle "EXT 2025"]
[Source "ChessBase"]
[SourceDate "2024.10.14"]
[SourceVersion "1"]
[SourceVersionDate "2024.10.14"]
[SourceQuality "1"]

1. e4 c5 2. Nf3 d6 3. d4 cxd4 4. Nxd4 Nf6 5. Nc3 a6 6. a4 e5 7. Nf3 Be7 8. Bg5 Be6 9. Bxf6 Bxf6 10. Nd5 Nd7 11. Bc4 O-O 12. O-O Rc8 13. Qe2 Nb6 14. Nxf6+ Qxf6 15. Bxe6 fxe6 16. a5 Nd7 17. Rfd1 Rc6 18. c4 Rfc8 19. b3 Qf4 20. g3 Qg4 21. Rd3 Nc5 22. Re3 Rf8 23. Rd1 Nxe4 24. h3 Qf5 25. g4 Qf4 26. Kg2 d5 27. cxd5 Nc3 28. Rxc3 Rxc3 29. Nxe5 exd5 30. Rxd5 Rxb3 31. Nd3 Qf7 32. Rf5 Qd7 33. Rxf8+ Kxf8 34. Ne5 Qd5+ 35. Kh2 Qd4 36. Qe1 Qc3 0-1

[Event "Titled Tuesday intern op 03rd Sep Late"]
[Site "Chess.com INT"]
[Date "2024.09.03"]
[Round "7"]
[White "Mendes, Aaron Reeve"]
[Black "Dolezal, Cristian"]
[Result "1-0"]
[WhiteElo "2320"]
[BlackElo "2360"]
[PlyCount "79"]
[GameId "2107989759882140"]
[EventDate "2024.09.03"]
[EventType "swiss (blitz)"]
[EventRounds "11"]
[EventCountry "USA"]
[SourceTitle "EXT 2025"]
[Source "ChessBase"]
[SourceDate "2024.10.14"]
[SourceVersion "1"]
[SourceVersionDate "2024.10.14"]
[SourceQuality "1"]

1. Nf3 g6 2. e4 c6 3. d4 d5 4. e5 Bg4 5. h3 Bxf3 6. Qxf3 e6 7. c3 c5 8. Bd3 Nc6 9. dxc5 Bxc5 10. Qe2 Nge7 11. Bg5 Qc7 12. Bf6 Rg8 13. b4 Bb6 14. a4 a6 15. Na3 Nxb4 16. O-O Nxd3 17. Qxd3 Nc6 18. Rfe1 Bc5 19. c4 d4 20. Nc2 a5 21. Rab1 Nb4 22. Nxb4 axb4 23. Qd2 Qa5 24. Qh6 Kd7 25. Qxh7 Raf8 26. Qh4 Qxa4 27. Qe4 Qc6 28. Qd3 Ra8 29. Red1 Ra3 30. Qd2 g5 31. Rxb4 g4 32. h4 g3 33. Rb5 gxf2+ 34. Qxf2 b6 35. Bg5 Ke8 36. Qf6 Qd7 37. Rdb1 d3+ 38. Rxc5 d2 39. Rc8+ Qxc8 40. Qe7# 1-0

[Event "Titled Tuesday intern op 03rd Sep Late"]
[Site "Chess.com INT"]
[Date "2024.09.03"]
[Round "8"]
[White "Mendes, Aaron Reeve"]
[Black "Kamsky, Gata"]
[Result "0-1"]
[WhiteElo "2320"]
[BlackElo "2609"]
[PlyCount "92"]
[GameId "2107989759890489"]
[EventDate "2024.09.03"]
[EventType "swiss (blitz)"]
[EventRounds "11"]
[EventCountry "USA"]
[SourceTitle "EXT 2025"]
[Source "ChessBase"]
[SourceDate "2024.10.14"]
[SourceVersion "1"]
[SourceVersionDate "2024.10.14"]
[SourceQuality "1"]

1. Nf3 d5 2. e3 Nf6 3. b3 Bf5 4. Bb2 e6 5. c4 c6 6. cxd5 exd5 7. Be2 h6 8. O-O Be7 9. d3 O-O 10. Nbd2 a5 11. Qc2 Bh7 12. e4 dxe4 13. dxe4 Na6 14. Qc4 Nc5 15. Rad1 Qb6 16. Bd4 Qb4 17. e5 Nd5 18. g3 Rfd8 19. Qc1 Nd3 20. Bxd3 Bxd3 21. Rfe1 Qa3 22. Bb2 Qc5 23. a3 Qxc1 24. Rxc1 c5 25. e6 f6 26. h4 h5 27. Ne4 b6 28. Nfd2 a4 29. bxa4 Rxa4 30. Nc3 Nxc3 31. Rxc3 c4 32. Rcc1 b5 33. Nb1 Kf8 34. Nc3 Ra5 35. Ra1 Ke8 36. Kg2 Bf5 37. Re2 Rd6 38. Rae1 Rd3 39. Re3 b4 40. axb4 Bxb4 41. f3 Bd6 42. R1e2 Be5 43. Kf2 Bd4 44. Ne4 Bxe3+ 45. Rxe3 Bxe4 46. fxe4 Rd2+ 0-1